[Event "Kiel op 34th"]
[Site "Kiel"]
[Date "2022.07.31"]
[Round "4"]
[White "Boehme, Sebastian1"]
[Black "Ruhland, Cliff"]
[Result "0-1"]
[WhiteElo "2168"]
[BlackElo "1997"]
[PlyCount "88"]
[EventDate "2022.07.30"]
[EventType "swiss"]
[EventRounds "9"]
[EventCountry "GER"]
[SourceTitle "CBM 209 Extra"]
[Source "ChessBase"]
[SourceDate "2022.09.30"]
[SourceVersion "1"]
[SourceVersionDate "2022.09.30"]
[SourceQuality "1"]

1. e4 e5 2. Nf3 Nf6 3. Nc3 Nc6 4. d4 exd4 5. Nxd4 Nxe4 6. Nxe4 Qe7 7. Nxc6 Qxe4+ 8. Be2 Qxc6 9. 0-0 Be7 10. Bf3 Qd6 11. Qe2 0-0 12. Bf4 Qxf4 13. Qxe7 c6 14. c4 Qxc4 15. Qd6 Qe6 16. Qc7 d5 17. Rfe1 Qd7 18. Re7 Qxc7 19. Rxc7 Re8 20. b4 Kf8 21. Kf1 Re7 22. Rxe7 Kxe7 23. Ke2 Kd6 24. Ke3 a5 25. b5 cxb5 26. Kd4 Be6 27. Rc1 Rc8 28. Rxc8 Bxc8 29. a3 Be6 30. Be2 Bd7 31. Bd3 h6 32. Bc2 Kc6 33. f4 g6 34. Bb3 Be6 35. h3 a4 36. Ba2 b4 37. axb4 Kb5 38. g4 Kxb4 39. Bb1 Kb3 40. Ke5 Kb2 41. Bxg6 fxg6 42. Kxe6 a3 43. f5 gxf5 44. gxf5 a2 0-1

[Event "Schleswig Holstein-ch VM"]
[Site "Eckernfoerde"]
[Date "2016.03.24"]
[Round "8"]
[White "Hoffmann, Joachim"]
[Black "Ruhland, Cliff"]
[Result "0-1"]
[WhiteElo "1866"]
[BlackElo "1898"]
[PlyCount "78"]
[EventDate "2016.03.19"]
[EventType "swiss"]
[EventRounds "9"]
[EventCountry "GER"]
[SourceTitle "EXT 2018"]
[Source "ChessBase"]
[SourceDate "2017.10.13"]
[SourceVersion "1"]
[SourceVersionDate "2017.10.13"]
[SourceQuality "1"]

1. f4 g6 2. Nf3 Bg7 3. g3 Nf6 4. Bg2 0-0 5. 0-0 c5 6. d3 Nc6 7. e4 d6 8. c3 Qc7 9. Na3 a6 10. Kh1 Rb8 11. Be3 b5 12. Qd2 b4 13. Nc4 Be6 14. Nh4 bxc3 15. bxc3 Bxc4 16. dxc4 Na5 17. Qd3 Nd7 18. Nf3 Nb6 19. Nd2 Na4 20. Rfc1 Rb2 21. Bf3 Rfb8 22. Kg1 R2b6 23. Rc2 Nc6 24. Rac1 Rb2 25. Nb3 Na5 26. Nxa5 Qxa5 27. Bd2 Rxc2 28. Rxc2 Nb2 29. Qe2 Qxa2 30. Bc1 Qb1 31. Kg2 Nxc4 32. e5 dxe5 33. Be4 Nd6 34. fxe5 Nxe4 35. Qxe4 Bxe5 36. Qe2 Bg7 37. Ba3 Qb3 38. Rb2 Qd5+ 39. Kf1 Qh1+ 0-1

[Event "Hamburg St Pauli op-B"]
[Site "Hamburg"]
[Date "2014.07.26"]
[Round "8"]
[White "Ruhland, Cliff"]
[Black "Naipal, Victoria"]
[Result "0-1"]
[WhiteElo "1882"]
[BlackElo "1808"]
[PlyCount "46"]
[EventDate "2014.07.19"]
[EventType "swiss"]
[EventRounds "9"]
[EventCountry "GER"]
[SourceTitle "CBM 161 Extra"]
[Source "ChessBase"]
[SourceDate "2014.08.29"]
[SourceVersion "1"]
[SourceVersionDate "2014.08.29"]
[SourceQuality "1"]

1. d4 d5 2. c4 e6 3. Nc3 Be7 4. Nf3 Nf6 5. e3 0-0 6. Qc2 Nbd7 7. b3 c6 8. Bb2 b6 9. Be2 Bb7 10. 0-0 Rc8 11. Rfd1 Qc7 12. Rac1 Rfd8 13. Bd3 h6 14. Qe2 dxc4 15. Bxc4 b5 16. Bd3 Qb6 17. e4 a6 18. Bb1 c5 19. d5 exd5 20. Nxd5 Nxd5 21. exd5 Bf6 22. Bxf6 Nxf6 23. d6 Rxd6 0-1

[Event "Hamburg St Pauli op-B"]
[Site "Hamburg"]
[Date "2014.07.23"]
[Round "5"]
[White "Olschok, Juergen"]
[Black "Ruhland, Cliff"]
[Result "1/2-1/2"]
[WhiteElo "1798"]
[BlackElo "1882"]
[PlyCount "47"]
[EventDate "2014.07.19"]
[EventType "swiss"]
[EventRounds "9"]
[EventCountry "GER"]
[SourceTitle "CBM 161 Extra"]
[Source "ChessBase"]
[SourceDate "2014.08.29"]
[SourceVersion "1"]
[SourceVersionDate "2014.08.29"]
[SourceQuality "1"]

1. e4 e5 2. Nf3 Nc6 3. Bb5 Nf6 4. 0-0 Nxe4 5. d3 Nd6 6. Bxc6 dxc6 7. Nxe5 Be7 8. Bf4 Bg5 9. Bxg5 Qxg5 10. Qd2 Qxd2 11. Nxd2 f6 12. Nec4 Be6 13. Rfe1 Kf7 14. Nxd6+ cxd6 15. Re3 Rhe8 16. Rae1 Rad8 17. Ne4 d5 18. Nc5 Bc8 19. f3 b6 20. Rxe8 Rxe8 21. Rxe8 Kxe8 22. Nb3 Ke7 23. Kf2 Ke6 24. Ke3 1/2-1/2